Post-communism an introduction

Bibliographic Details
Main Author: Holmes, Leslie (Author)
Format: Book
Language:English
PhysicalDescription:xiv, 384 s. mp. 26 cm
Published: Durham Duke University Press 1997
ISBN:0822319950
Edition:1st publ.
Subjects:

MARC

LEADER 00000nam a2200000 a 4500
001 vtls008423183
003 SK-MaSNL
005 20260426004940.0
008 240318s1997 xxub n 001 0 eng
015 |a SNBZSA2006-00403 
020 |a 0822319950  |q (viaz.) 
040 |a SNK  |b slo  |c SNK  |e AACR2 
041 0 |a eng 
043 |a et-----  |a ee----- 
044 |a xxu  |c US 
072 7 |a 323  |x Vnútropolitický vývoj, politický život  |2 konspekt 
080 |a 323  |x (4-191.2)  |x (4-11)  |2 2001 
080 |a 321.7  |2 2001 
080 |a 316.323.6/.7  |2 2001 
080 |a 316.42  |2 2001 
080 |a 328/329  |2 2001 
100 1 |a Holmes, Leslie  |4 aut  |9 618041 
245 1 0 |a Post-communism  |b an introduction  |c Leslie Holmes 
250 |a 1st publ. 
260 |a Durham  |b Duke University Press  |c 1997 
300 |a xiv, 384 s.  |b mp.  |c 26 cm 
504 |a Bibliogr. s. 348-367. Reg. 
650 0 7 |a komunizmus  |2 SNKPH  |9 2152 
650 0 7 |a postkomunizmus  |2 SNKPH  |9 4487 
651 7 |a Európa stredná  |2 SNKPHgeo  |9 23970 
651 7 |a Európa východná  |2 SNKPH  |9 167635 
655 7 |a odborné publikácie  |2 SNKPH  |9 60423 
919 |a 0-8223-1995-0 
958 |a ZS 
958 |a NB 
999 |c 995342  |d 997272 
952 |a SNK  |b SNK  |y PREZ  |7 0  |p 17A0499999  |o snkSC 122859  |i snk2006/3933  |8 2  |g 39.83  |0 0  |1 0  |4 0  |d 2006-01-11  |l 0  |r 2025-06-04 00:00:00  |w 2026-02-24